|
|
|
|
| LEADER |
01544nam a22003257a 4500 |
| 001 |
32909 |
| 003 |
BD-DhAAL |
| 005 |
20250814204959.0 |
| 008 |
180404t2011 bd ||||| |||| 00| 0 ben d |
| 020 |
|
|
|a 9847013300918
|
| 040 |
|
|
|a BD-DhAAL
|c BD-DhAAL
|
| 041 |
|
|
|a ben
|
| 082 |
|
|
|a 891.441
|2 22
|
| 100 |
|
|
|a গুন, নির্মলেন্দু ,
|d ১৯৪৫-
|9 17736
|
| 245 |
|
|
|a কাব্যসমগ্র.
|n ১ম খণ্ড /
|c নির্মলেন্দু গুন.
|
| 246 |
|
|
|a Collection poems
|
| 250 |
|
|
|a চতুর্থ সংস্করণ
|
| 260 |
|
|
|a ঢাকা :
|b কাকলী প্রকাশনী,
|c c২০১১
|
| 300 |
|
|
|a ৪৭৯ পৃষ্ঠা ;
|c ২২ সে.মি.
|
| 362 |
|
|
|a Vol. 1
|
| 500 |
|
|
|a প্রথম প্রকাশ - ১৯৯২
|
| 500 |
|
|
|a প্রচ্ছদশিল্পী - সমর মজুমদার
|
| 526 |
|
|
|a OCA
|
| 541 |
|
|
|a Office of Co-curricular Activities
|e 32909
|
| 650 |
|
|
|a Bengali poetry.
|9 17737
|
| 852 |
|
|
|a Ayesha Abed Library
|c General Stacks
|
| 942 |
|
|
|2 ddc
|c BK
|
| 999 |
|
|
|c 39179
|d 39179
|
| 952 |
|
|
|0 0
|1 0
|2 ddc
|4 0
|6 891_441000000000000_GOO
|7 0
|9 63016
|a BRACUL
|b BRACUL
|c GEN
|d 2018-03-29
|e Office of Co-Curricular Activities
|g 325.00
|l 3
|m 30
|o 891.441 GOO
|p 3010032909
|r 2024-06-02
|s 2023-09-25
|t 1
|v 325.00
|w 2018-03-29
|y BK
|
| 952 |
|
|
|0 0
|1 0
|2 ddc
|4 0
|6 891_441000000000000_GOO
|7 0
|9 63130
|a BRACUL
|b BRACUL
|c GEN
|d 2018-04-11
|e Kakali Prokashoni
|g 325.00
|l 5
|m 20
|o 891.441 GOO
|p 3010032969
|r 2022-06-30
|s 2022-06-22
|t 2
|v 325.00
|w 2018-04-11
|y BK
|